000 00256nam a2200109 a 4500
008 101213s1965|||| d
245 1 0 _aPripomíname si
260 _bMatica slovenská
_aBratislava
_c1965
020 _c4,50
041 _aslo
044 _axo
_cSK
999 _c15152
_d15152